Normal view
MARC view
- Alfred V. Aho, John E. Hopcroft, Jeffrey D. Ullman
Entry Personal Name
001 - CONTROL NUMBER
- control field: 207815
003 - CONTROL NUMBER IDENTIFIER
- control field: OSt
005 - DATE AND TIME OF LATEST TRANSACTION
- control field: 20240709140029.0
008 - FIXED-LENGTH DATA ELEMENTS
- fixed length control field: 240709|| aca||aabn | a|a d
040 ## - CATALOGING SOURCE
- Original cataloging agency: OSt
- Transcribing agency: OSt
100 ## - HEADING--PERSONAL NAME
- Personal name: Alfred V. Aho, John E. Hopcroft, Jeffrey D. Ullman
670 ## - SOURCE DATA FOUND
- Source citation: Work cat.: (OSt)358966: Alfred V. Aho, John E. Hopcroft, Jeffrey D. Ullman, Data Structures & Algorithms